| 000 | 00510nam a22001577a 4500 | ||
|---|---|---|---|
| 008 | 130821s1909 enk gr eng | ||
| 040 |
_aCo-BoUCM _bspa |
||
| 041 | 0 | 0 | _aeng |
| 100 |
_aRuskin, John,1819-1900 _9105130 |
||
| 245 | 0 | 0 |
_aThe crown of Wild Olive and the ethics of the dust _cJohn Ruskin |
| 260 |
_aLondres (Inglaterra) _bCassel and Co _c1909 |
||
| 300 | _a311 páginas | ||
| 500 | _aNotas a pie de página | ||
| 942 |
_cLIBRO _a18 _e1 _mR87 _n0 _2DEWEY _h820 |
||
| 999 |
_c85914 _d85914 |
||